000 00820nam a2200241 a 4500
001 BRL_1255
005 20190320211120.0
008 061213s1964----mx-ae#####---#000-0#spa-#
041 _aspa
044 _amx
050 4 _aF1219.1.T27
_b.A26 1964
100 1 _aAcosta, Jorge R.
_923989
245 1 0 _aEl palacio del Quetzalpapálotl
_cJorge R. Acosta.
260 _aMéxico
_bInstituto Nacional de Antropología e Historia
_c1964
300 _a85 p.
_bil., láminas, planos
_c32 cm.
440 0 _aMemorias del Instituto Nacional de Antropología e Historia
_v10
_926287
500 _aAu1463
650 1 4 _aArte indígena
_zMéxico
_9597
650 1 4 _aIndígenas de México
_xAntigüedades
_9509
651 4 _aTeotihuacán, Sitio (San Juan Teotihuacán, México)
_xAntigüedades
_923836
902 _aGRL
942 _2lcc
_cB
999 _c10067
_d10067